000 01665nam0a2200325 4500
001 RU\NLR\bibl\1747465
005 20250616115210.0
010 _a978-5-88247-466-8
_9100
021 _aRU
_b2011-11359
_9814
035 _a(NLR Aleph) 001738353
090 _a1443487
_c1443487
100 _a20110317d2010 |||y0rusy50 ca
101 0 _arus
_afre
102 _aRU
105 _ay |||||||||
200 1 _aУчебно-методическое пособие по переводу французской научно-технической статьи на русский язык
_fСуханова Н.И.
_gМ-во образования и науки Рос. Федерации, Гос. образоват. учреждение высш. проф. образования "Липец. гос. техн. ун-т"
210 _aЛипецк
_cИзд-во Липецкого государственного технического университета
_d2010
215 _a51 с.
_d21
320 _aБиблиогр.: с. 50 (12 назв.)
606 1 _aФранцузский язык
_jУчебно-методические пособия для высших учебных заведений
_xПеревод технический
_92627589
_3RU\NLR\auth\661564149
686 _aШ147.11-93рус3-77
700 1 _4070
_aСуханова
_bН. И.
_cканд. пед. наук, французский язык
_gНаталья Игоревна
_9201246
_3RU\NLR\AUTH\770201297
801 0 _aRU
_bNLR
_c20110317
_gRCR
801 1 _aRU
_bNLR
_c20110317
830 _aпо кн
942 _cBOOK
980 _aNB
980 _aNBR